Real Madrid Current Squad (25/26) - Statistics

General Stats
  • This quiz has been taken 64 times
    15 since last reset
  • The average score is 20 of 25
Answer Stats
Answer % Correct
Andriy Lunin
100%
Thibaut Courtois
100%
Antonio Rüdiger
93%
David Alaba
93%
Dean Huijsen
93%
Éder Militão
93%
Álvaro Carreras
87%
Arda Güler
80%
Aurélien Tchouaméni
80%
Daniel Carvajal
80%
Eduardo Camavinga
80%
Federico Valverde
80%
Rodrygo
80%
Vinicius Junior
80%
Xabi Alonso
80%
Brahim Díaz
73%
Ferland Mendy
73%
Franco Mastantuono
73%
Jude Bellingham
73%
Kylian Mbappé
73%
Raúl Asencio
73%
Dani Ceballos
67%
Gonzalo García
67%
Trent Alexander-Arnold
67%
Fran García
47%
No matching quizzes found
Score Distribution
Percent of People with Each Score
Percentile by Number Answered
Your Score History
You have not taken this quiz since the last reset